00000000nas##2200000za#4500
0019.508183
003CaOODSP
00520250403104738
007ta
008150406c1991||||xxc|| p #||||f|   |0fre|d
022 |a0380-6898
040 |aCaOODSP|bfre
041 |aeng
041 |afre
043 |an-cn---
0861 |aCS44-001
24500|aCiment
260 |aOttawa - Ontario : |bStatistique Canada |c[1931]-September 1998.
310 |aMensuel
546 |aBilingue
563 |aFeuilles mobiles
7102 |aStatistique Canada.
791 |tCement |eeng|w(CaOODSP)9.508182